| 000 | 00000nas 2200000za 4500 |
| 001 | 9.850562 |
| 003 | CaOODSP |
| 005 | 20221107154159 |
| 007 | cr ||||||||||| |
| 008 | 180123d20032003quc x p oss f0###b0fre|d |
| 022 | # |a1713-191X |
| 040 | |aCaOODSP|bfre |
| 043 | |an-cn-qu |
| 086 | 1 |aR31-31F-PDF|zR32-197/2002F |
| 130 | 0 |aGuide des collectivités indiennes et inuites du Québec (En ligne) |
| 210 | 0 |aGuide collect. indiennes inuites Qué. |b(En ligne) |
| 222 | 0|aGuide des collectivités indiennes et inuties du Québec |b(En ligne) |
| 245 | 10|aGuide des collectivités indiennes et inuites du Québec |h[ressource électronique]. |
| 260 | |a[Québec : |bAffaires indiennes et du Nord Canada, Région du Québec, |c2003] |
| 310 | |aIrrégulier |
| 500 | |aÉdition numérisée de l’imprimé [par Affaires autochtones et du Nord Canada]. |
| 500 | |aPubl. aussi en anglais sous le titre : Quebec Indian and Inuit communities guide. |
| 530 | |aÉgalement publ. en imprimé. |
| 692 | 07|2gccst|aRéserve autochtone |
| 692 | 07|2gccst|aDéveloppement communautaire |
| 692 | 07|2gccst|aAutonomie gouvernementale |
| 710 | 1 |aCanada.|bAffaires indiennes et du Nord Canada.|bRégion du Québec. |
| 775 | 08|tQuebec Indian and Inuit communities guide |w(CaOODSP)9.850561 |
| 780 | 00|tGuide des collectivités indiennes du Québec |w(CaOODSP)9.850557 |